=LDR 00000nam 2200000 4500 =001 INLIS000000000045301 =005 20150116140329.0 =006 =007 =008 =020 ##$$a 602850506 =035 ##$$0010-011500000000127 =040 ##$$a NBPDMAT =082 ##$$a 333.793 2 =090 ##$$a 333.793 2 $b Ari h =100 ##$$a Arip Permana =245 ##$$a Hemat energi listrik / $c Arip Permana ; editor, Taufik Hendra =250 ##$$a Cet.2 =260 ##$$a Jakarta : $b Multazam Mulia Utama, $c 2012 =300 ##$$a iv, 68 hlm. : $b ilus. ; $c 24 cm. =500 ##$$a Bibliografi : hlm. 68 =650 ##$$a Energi Listrik =700 ##$$a Taufik Hendra =850 ##$$a NBPDMAT